[Event "DVM U14w 2011"]
[Site "Arendsee (Altmark) GER"]
[Date "2011.12.29"]
[Round "6"]
[White "Richardt, Angelina"]
[Black "Romanova, Alena"]
[Result "1/2-1/2"]
[Termination "normal"]
[Board "6.2"]
[WhiteElo "1154"]
[BlackElo "1509"]
[WhiteTeam "SV Breitenworbis"]
[BlackTeam "Karlsruher SF"]
[WhiteFideId "12938149"]
[BlackFideId "12918784"]
[EventCountry "GER"]
[EventRounds "7"]
[EventType "team-swiss"]
[EventDate "2011.12.26"]

1. e4 c6 2. d4 d5 3. exd5 cxd5 4. Bd3 Nc6 5. c3 Nf6 6. Bf4 g6 7. Ne2 Bg7 8. Nd2
O-O 9. Nf3 Nh5 10. Be3 Bg4 11. Nd2 Qb6 12. Qb3 Qxb3 13. Nxb3 Rfe8 14. h3 Bxe2
15. Bxe2 Nf6 16. O-O Ne4 17. Nd2 Nxd2 18. Bxd2 e5 19. dxe5 Nxe5 20. Rad1 Nc4
21. Bxc4 dxc4 22. Rfe1 Rxe1+ 23. Rxe1 Bf6 24. Be3 b6 25. Bh6 Rd8 26. Re2 b5 27.
Re4 a6 28. Re2 1/2-1/2

[Event "DVM U14w 2011"]
[Site "Arendsee (Altmark) GER"]
[Date "2011.12.29"]
[Round "6"]
[White "Bykov, Ilona"]
[Black "Hendus, Isabelle"]
[Result "1/2-1/2"]
[Termination "normal"]
[Board "6.3"]
[WhiteElo "800"]
[BlackElo "1081"]
[WhiteTeam "Karlsruher SF"]
[BlackTeam "SV Breitenworbis"]
[WhiteFideId "12964433"]
[BlackFideId "12964530"]
[EventCountry "GER"]
[EventRounds "7"]
[EventType "team-swiss"]
[EventDate "2011.12.26"]

1. e4 e5 2. Nf3 d6 3. Bc4 Be7 4. Nc3 Nf6 5. O-O O-O 6. d4 exd4 7. Nxd4 Re8 8.
Nd5 Nxd5 9. Bxd5 c6 10. Bc4 Bf6 11. c3 Rxe4 12. Re1 Rxe1+ 13. Qxe1 Qe7 14. Qd1
Bxd4 15. cxd4 d5 16. Bb3 Bg4 17. Qf1 Nd7 18. h3 Bf5 19. Bf4 Qe4 20. Be3 Rc8 21.
Re1 Qd3 22. Re2 Qb1 23. Qxb1 Bxb1 24. Re1 Bd3 25. Rd1 Bc4 26. Bc2 Bxa2 27. Bf5
Rd8 28. Bg5 f6 29. Bf4 b6 30. Bc7 Rc8 31. Bd6 Rd8 32. Bc7 Re8 33. Bd6 Nf8 34.
Ra1 Rd8 35. Bxf8 Rxf8 36. Rxa2 g6 37. Bd3 a5 38. f4 Re8 39. g4 Re3 40. Bf1 Rf3
41. Kg2 Rxf4 42. Ra4 b5 43. Rxa5 Rxd4 44. Ra6 Rd2+ 45. Kf3 Rxb2 46. Rxc6 b4 47.
Rxf6 b3 48. Bd3 Rh2 1/2-1/2

[Event "DVM U14w 2011"]
[Site "Arendsee (Altmark) GER"]
[Date "2011.12.29"]
[Round "6"]
[White "Diederich, Lena"]
[Black "Henke, Hanna"]
[Result "1-0"]
[Termination "normal"]
[Board "6.4"]
[WhiteElo "916"]
[BlackElo "775"]
[WhiteTeam "SV Breitenworbis"]
[BlackTeam "Karlsruher SF"]
[WhiteFideId "12964549"]
[BlackFideId "12964441"]
[EventCountry "GER"]
[EventRounds "7"]
[EventType "team-swiss"]
[EventDate "2011.12.26"]

1. e4 e5 2. Nf3 Nf6 3. Nxe5 d6 4. Nf3 Nxe4 5. Bc4 d5 6. Bd3 Nf6 7. O-O Bc5 8.
Re1+ Be6 9. c3 O-O 10. Bc2 Re8 11. d4 Bb6 12. Bf4 Nc6 13. Qd3 Re7 14. Bg5 Re8
15. Bxf6 Qxf6 16. Qxh7+ Kf8 17. Qh8+ Ke7 18. Qh4 Qxh4 19. Nxh4 Kd7 20. Nd2 Rad8
21. Nhf3 Kc8 22. Ng5 Rf8 23. Nxe6 fxe6 24. Nf3 Rf6 25. Re2 Re8 26. a4 a5 27.
Rae1 Nd8 28. Bb3 c6 29. c4 dxc4 30. Bxc4 Kd7 31. d5 cxd5 32. Bxd5 Rf5 33. Bc4
Re7 34. Re5 Rxe5 35. Nxe5+ Kd6 36. Nf3 Rc7 37. Rd1+ Ke7 38. Bb3 Rd7 39. Rxd7+
Kxd7 40. Ne5+ Ke7 41. Nd3 Kf6 42. g3 g5 43. Kg2 Kf5 44. f4 g4 45. h3 Bc7 46.
hxg4+ Kxg4 47. Nc5 Bb6 48. Nxe6 Nxe6 49. Bxe6+ Kh5 50. Bc8 Bd4 51. Bxb7 Bxb2
52. Kf3 Kg6 53. Kg4 Bc3 54. Be4+ Kf6 55. Kh5 Bd2 56. Kg4 Be3 57. Kf3 Bd2 58.
Bc2 Be1 59. g4 Bd2 60. g5+ Ke7 61. Ke4 Kd6 62. Kf5 Ke7 63. g6 Kf8 64. Kf6 Bc3+
65. Kg5 Bd2 66. Kf6 Bc3+ 67. Kg5 Bd2 68. Kf5 Be3 69. Kf6 Bd4+ 70. Ke6 Kg7 71.
Kd5 Bb2 72. Kc4 Kg8 73. Kb5 Bc3 74. f5 Kf8 75. f6 Kg8 76. Bb3+ Kf8 77. g7+ Ke8
78. g8=Q+ Kd7 79. Qd5+ Kc7 80. Qc6+ Kd8 81. Qxc3 Kd7 82. Qc6+ Kd8 83. Qb7 Ke8
84. Qe7# 1-0

[Event "DVM U14w 2011"]
[Site "Arendsee (Altmark) GER"]
[Date "2011.12.29"]
[Round "6"]
[White "Rosmait, Emily"]
[Black "Braun, Kristin"]
[Result "1/2-1/2"]
[Termination "normal"]
[Board "7.1"]
[WhiteElo "1537"]
[BlackElo "1825"]
[WhiteTeam "Lübecker SV"]
[BlackTeam "SC Uttenreuth"]
[WhiteFideId "12937754"]
[BlackFideId "24656534"]
[EventCountry "GER"]
[EventRounds "7"]
[EventType "team-swiss"]
[EventDate "2011.12.26"]

1. e4 d5 2. exd5 Nf6 3. Nc3 Nxd5 4. Nxd5 Qxd5 5. d4 Nc6 6. c3 e5 7. Be3 exd4 8.
Nf3 Bg4 9. Be2 O-O-O 10. cxd4 Bb4+ 11. Kf1 Ba5 12. h3 Bxf3 13. Bxf3 Qb5+ 14.
Kg1 Bb6 15. a4 Qxb2 16. Rb1 Qc3 17. Rc1 Qb4 18. Bxc6 bxc6 19. Qg4+ Kb7 20. Kh2
Qd6+ 21. g3 Qf6 22. Rb1 Ka8 23. Rhd1 h5 24. Qe4 Rhe8 25. Qc2 Re6 26. h4 Qf3 27.
Rb2 Red6 1/2-1/2

[Event "DVM U14w 2011"]
[Site "Arendsee (Altmark) GER"]
[Date "2011.12.29"]
[Round "6"]
[White "Michalowski, Melina"]
[Black "Zech, Anna"]
[Result "1-0"]
[Termination "normal"]
[Board "7.2"]
[WhiteElo "1163"]
[BlackElo "1176"]
[WhiteTeam "SC Uttenreuth"]
[BlackTeam "Lübecker SV"]
[WhiteFideId "12902462"]
[BlackFideId "12909424"]
[EventCountry "GER"]
[EventRounds "7"]
[EventType "team-swiss"]
[EventDate "2011.12.26"]

1. d4 Nf6 2. c4 g6 3. Nc3 Bg7 4. Nf3 d6 5. e4 Bg4 6. Be3 e5 7. d5 Nbd7 8. Bd3
O-O 9. O-O c6 10. h3 Bxf3 11. Qxf3 Rc8 12. Rac1 c5 13. Nb5 Qb6 14. a3 a6 15.
Nc3 Qxb2 16. Rc2 Qxa3 17. Bd2 Qa5 18. Nb5 Qb6 19. Na3 Qc7 20. Rb1 Nb6 21. Ba5
Nfd7 22. Rcb2 Bh6 23. Bxb6 Nxb6 24. Rxb6 Rb8 25. Qe2 Rfe8 26. Qb2 Re7 27. Rxa6
Ree8 28. Rb6 Re7 29. Qb5 Bd2 30. Kf1 Bb4 31. Nc2 Bd2 32. Ke2 Bh6 33. Qa5 Ree8
34. Na3 Ra8 35. Nb5 Qd7 36. Qc3 Re7 37. Nxd6 Ra2+ 38. R1b2 Rxb2+ 39. Qxb2 Bg5
40. Nxb7 1-0

[Event "DVM U14w 2011"]
[Site "Arendsee (Altmark) GER"]
[Date "2011.12.29"]
[Round "6"]
[White "Kusanowa, Maria"]
[Black "Michalowski, Sophia"]
[Result "0-1"]
[Termination "normal"]
[Board "7.3"]
[WhiteElo "890"]
[BlackElo "1165"]
[WhiteTeam "Lübecker SV"]
[BlackTeam "SC Uttenreuth"]
[BlackFideId "12902454"]
[EventCountry "GER"]
[EventRounds "7"]
[EventType "team-swiss"]
[EventDate "2011.12.26"]

1. e4 d5 2. Nc3 d4 3. Nd5 c6 4. Nf4 e5 5. Nfe2 Nf6 6. c3 Nxe4 7. cxd4 exd4 8.
d3 Bb4+ 9. Bd2 Bxd2+ 10. Qxd2 Nxd2 11. Kxd2 Qa5+ 12. Kd1 O-O 13. Kc2 Bf5 14.
Nxd4 Qc5+ 15. Kd2 Qxd4 16. Nf3 Qxb2+ 17. Kd1 Qxa1+ 18. Kd2 Qxa2+ 19. Kd1 Nd7
20. Nd4 Bg6 21. Be2 Qa4+ 22. Nc2 Nc5 23. Re1 Nxd3 24. Bxd3 Bxd3 25. Re7 Qxc2+
26. Ke1 Qc1# 0-1

[Event "DVM U14w 2011"]
[Site "Arendsee (Altmark) GER"]
[Date "2011.12.29"]
[Round "6"]
[White "Meyer, Franziska"]
[Black "Mushket, Alexsandra"]
[Result "0-1"]
[Termination "normal"]
[Board "7.4"]
[WhiteElo "904"]
[BlackElo "800"]
[WhiteTeam "SC Uttenreuth"]
[BlackTeam "Lübecker SV"]
[WhiteFideId "12929530"]
[EventCountry "GER"]
[EventRounds "7"]
[EventType "team-swiss"]
[EventDate "2011.12.26"]

1. d4 d5 2. e3 Nc6 3. Bd3 Nf6 4. f4 Bg4 5. Nf3 e6 6. Nbd2 Bd6 7. O-O O-O 8. Qe1
Re8 9. Ne5 Bf5 10. Bxf5 exf5 11. Ndf3 h6 12. c3 Ne4 13. Nd2 Nxd2 14. Bxd2 f6
15. Nxc6 bxc6 16. Qg3 c5 17. Qg6 cxd4 18. cxd4 Rb8 19. b3 Bb4 20. Bxb4 Rxb4 21.
Rf3 Re7 22. Qxf5 Qe8 23. Re1 a5 24. Rg3 a4 25. Qg4 h5 26. Qf5 c6 27. Rh3 g6 28.
Qxf6 Qf7 29. Qg5 Kf8 30. Rf1 axb3 31. axb3 Rxb3 32. f5 gxf5 33. Rxf5 Ke8 34.
Rxf7 Rxf7 35. Qxh5 Rb1+ 36. Qd1 Rxd1# 0-1

[Event "DVM U14w 2011"]
[Site "Arendsee (Altmark) GER"]
[Date "2011.12.29"]
[Round "6"]
[White "Schneider, Sabrina"]
[Black "Holschuh, Luisa"]
[Result "1-0"]
[Termination "normal"]
[Board "8.1"]
[WhiteElo "1128"]
[BlackElo "998"]
[WhiteTeam "SK Turm Bad Hersfeld"]
[BlackTeam "SV 1926 Riegelsberg"]
[WhiteFideId "12951986"]
[BlackFideId "12951978"]
[EventCountry "GER"]
[EventRounds "7"]
[EventType "team-swiss"]
[EventDate "2011.12.26"]

1. e4 d5 2. exd5 Qxd5 3. Nc3 Qa5 4. Bc4 Bf5 5. Qf3 Nc6 6. Bb5 Bd7 7. Nge2 a6 8.
Ba4 Nf6 9. d3 e5 10. O-O O-O-O 11. a3 Kb8 12. b4 e4 13. Qe3 Qe5 14. dxe4 Nxe4
15. Qxe4 Qh5 16. Ng3 Qg6 17. Qxg6 hxg6 18. Be3 Bd6 19. Rad1 Rh7 20. Nce4 Be7
21. Ng5 Rh4 22. Nxf7 Rf8 23. Rxd7 Rxf7 24. Bxc6 bxc6 25. Bg5 Bxg5 26. Rxf7 Bf6
27. Re1 Rc4 28. Re2 Rc3 29. a4 Rc4 30. b5 cxb5 31. axb5 axb5 32. h3 b4 33. Re4
Rxc2 34. Rxb4+ Kc8 35. Rg4 g5 36. Ne4 Rc1+ 37. Kh2 Be5+ 38. g3 Bd4 39. Rxg5 Re1
40. Rf4 1-0

[Event "DVM U14w 2011"]
[Site "Arendsee (Altmark) GER"]
[Date "2011.12.29"]
[Round "6"]
[White "Weiten, Anna"]
[Black "Krauße, Vanessa"]
[Result "0-1"]
[Termination "normal"]
[Board "8.2"]
[WhiteElo "844"]
[BlackElo "1228"]
[WhiteTeam "SV 1926 Riegelsberg"]
[BlackTeam "SK Turm Bad Hersfeld"]
[WhiteFideId "12938203"]
[BlackFideId "12937991"]
[EventCountry "GER"]
[EventRounds "7"]
[EventType "team-swiss"]
[EventDate "2011.12.26"]

1. e4 c5 2. c3 d6 3. d4 cxd4 4. cxd4 Nf6 5. Nc3 g6 6. Nf3 Bg7 7. Bg5 O-O 8. Bc4
Qb6 9. Rb1 Nc6 10. d5 Ng4 11. O-O Nce5 12. Bb3 e6 13. h3 Nxf3+ 14. Qxf3 Ne5 15.
Qg3 Re8 16. Rfe1 Nd7 17. Bf4 Nc5 18. Bc4 exd5 19. exd5 Bf5 20. Rbd1 Qxb2 21.
Bxd6 Bxc3 22. Rxe8+ Rxe8 23. Bxc5 Bc2 24. Rf1 Rc8 25. Qe3 b6 26. Be7 Rxc4 27.
d6 Ba4 28. Rd1 Be5 29. g3 Rd4 30. Rxd4 Qxd4 31. Qxd4 Bxd4 32. Kg2 Bc6+ 33. f3
f5 34. Kh2 Kf7 35. g4 Be5+ 36. Kg2 Ke6 37. gxf5+ gxf5 38. h4 0-1

[Event "DVM U14w 2011"]
[Site "Arendsee (Altmark) GER"]
[Date "2011.12.29"]
[Round "6"]
[White "Gärling, Paula"]
[Black "Weiten, Katharina"]
[Result "1-0"]
[Termination "normal"]
[Board "8.3"]
[WhiteElo "1104"]
[BlackElo "755"]
[WhiteTeam "SK Turm Bad Hersfeld"]
[BlackTeam "SV 1926 Riegelsberg"]
[BlackFideId "12971979"]
[EventCountry "GER"]
[EventRounds "7"]
[EventType "team-swiss"]
[EventDate "2011.12.26"]

1. e4 e5 2. Nf3 Nc6 3. Nc3 Nf6 4. d4 exd4 5. Nxd4 Bc5 6. Nxc6 bxc6 7. Bg5 h6 8.
Bh4 Qe7 9. Bd3 O-O 10. Qe2 d6 11. Rf1 Re8 12. a3 Bd4 13. f3 Rb8 14. O-O-O Bxc3
15. bxc3 d5 16. Kd2 dxe4 17. Bxf6 Qxf6 18. fxe4 Qg5+ 19. Qe3 Qxg2+ 20. Rf2 Qg4
21. Rdf1 Be6 22. Qxa7 Qg5+ 23. Qe3 Qxe3+ 24. Kxe3 Ra8 25. Ra1 Bd5 26. c4 Be6
27. Kd2 g5 28. e5 Red8 29. Kc3 Kg7 30. Be4 Ra6 31. a4 c5 32. Rf3 Bd7 33. Bd5
Rxa4 34. Rxa4 Bxa4 35. Rxf7+ Kg6 36. Rxc7 Rf8 37. Rxc5 Rf2 38. Be4+ Kh5 39. Ra5
Bd7 40. Ra1 Rxh2 41. Rh1 Rxh1 42. Bxh1 Kg6 43. Kd4 Kf5 44. c5 Be6 45. c6 g4 46.
Bg2 h5 47. c7 h4 48. Bd5 Bc8 49. e6 Kf6 50. Kc5 Ke7 51. Kb6 Kd6 52. Bb7 g3 53.
c4 g2 54. c5+ Kxe6 55. Bxg2 Kf5 56. Bh3+ Kg5 57. Bxc8 Kf4 58. Bd7 Kg5 59. c8=Q
Kf4 60. Qf8+ Kg5 61. Qf5+ Kh6 62. Qg4 h3 63. Bf5 h2 64. Qg6# 1-0

[Event "DVM U14w 2011"]
[Site "Arendsee (Altmark) GER"]
[Date "2011.12.29"]
[Round "6"]
[White "Weiten, Teresa"]
[Black "Janzen, Sabine"]
[Result "0-1"]
[Termination "normal"]
[Board "8.4"]
[WhiteElo "728"]
[BlackElo "1094"]
[WhiteTeam "SV 1926 Riegelsberg"]
[BlackTeam "SK Turm Bad Hersfeld"]
[WhiteFideId "12971944"]
[EventCountry "GER"]
[EventRounds "7"]
[EventType "team-swiss"]
[EventDate "2011.12.26"]

1. e4 e5 2. Nf3 Nc6 3. Nc3 Nf6 4. d4 exd4 5. Nxd4 Bb4 6. Bd3 Nxd4 7. O-O Bxc3
8. bxc3 Nc6 9. Bf4 O-O 10. Qf3 d6 11. Rad1 Bg4 12. Qg3 Bxd1 13. Bh6 Ng4 14. Bf4
Nce5 15. Bxe5 Nxe5 16. Rxd1 Nxd3 17. Rxd3 Re8 18. f3 Re7 19. Rd5 Qe8 20. h3 Re5
21. Rd3 Qa4 22. f4 Rxe4 23. Qg4 Rxf4 24. Qg5 Re8 25. Rg3 g6 26. h4 Re1+ 27. Kh2
Rxh4+ 28. Rh3 Rxh3+ 29. Kxh3 Rh1+ 30. Kg3 Qxc2 31. Kf4 Qd2+ 32. Kg4 Qxg2+ 33.
Kf4 Rf1+ 34. Ke3 Qxg5+ 35. Ke2 Qf4 36. Kd3 Rd1+ 37. Kc2 Qd2+ 38. Kb3 Rb1+ 39.
Kc4 b5# 0-1

[Event "DVM U14w 2011"]
[Site "Arendsee (Altmark) GER"]
[Date "2011.12.29"]
[Round "6"]
[White "Titgemeyer, Eva Maria"]
[Black "Reyher, Susan"]
[Result "1-0"]
[Termination "normal"]
[Board "9.1"]
[WhiteElo "1519"]
[BlackElo "1341"]
[WhiteTeam "SG Porz"]
[BlackTeam "SV Gryps"]
[WhiteFideId "24655350"]
[BlackFideId "24686107"]
[EventCountry "GER"]
[EventRounds "7"]
[EventType "team-swiss"]
[EventDate "2011.12.26"]

1. e4 e5 2. Nf3 Nc6 3. Bc4 Bc5 4. O-O Nf6 5. d4 Bxd4 6. Nxd4 Nxd4 7. f4 d6 8.
fxe5 dxe5 9. Bg5 Bg4 10. Qd2 Qd6 11. Bxf6 gxf6 12. c3 Nc6 13. Qxd6 cxd6 14.
Rxf6 O-O-O 15. Rxf7 Bh5 16. Rf6 Bg6 17. Be6+ Kb8 18. Bf5 Rhf8 19. Rxf8 Rxf8 20.
Bxg6 hxg6 21. Nd2 Nd8 22. Rf1 Nf7 23. Nc4 Kc7 24. Rf6 g5 25. Nxd6 Rd8 26. Nxf7
Rd1+ 27. Rf1 Rd2 28. Nxg5 Rxb2 29. h4 Rxa2 30. h5 Ra6 31. Nf7 Re6 32. h6 Re8
33. h7 a5 34. h8=Q Rxh8 35. Nxh8 a4 36. Ra1 b5 37. g4 Kd7 38. Rb1 Kc6 39. g5
Kd6 40. g6 1-0

[Event "DVM U14w 2011"]
[Site "Arendsee (Altmark) GER"]
[Date "2011.12.29"]
[Round "6"]
[White "Schröter, Sophie"]
[Black "Melüh, Vanessa"]
[Result "1-0"]
[Termination "normal"]
[Board "9.3"]
[WhiteElo "1065"]
[BlackElo "800"]
[WhiteTeam "SG Porz"]
[BlackTeam "SV Gryps"]
[WhiteFideId "12941786"]
[EventCountry "GER"]
[EventRounds "7"]
[EventType "team-swiss"]
[EventDate "2011.12.26"]

1. e4 e5 2. Nf3 Nc6 3. Bb5 Nf6 4. Nc3 a6 5. Bxc6 bxc6 6. d3 Bb4 7. Bd2 Bb7 8.
a3 Ba5 9. Nxe5 Nxe4 10. Nxe4 Qh4 11. Bxa5 O-O-O 12. Nxf7 Rdf8 13. Nxh8 Rxh8 14.
Qf3 c5 15. g3 Qe7 16. Qf4 Rf8 17. Qxc7# 1-0

[Event "DVM U14w 2011"]
[Site "Arendsee (Altmark) GER"]
[Date "2011.12.29"]
[Round "6"]
[White "Decker, Martha"]
[Black "Müller, Jennifer"]
[Result "0-1"]
[Termination "normal"]
[Board "9.4"]
[WhiteElo "800"]
[BlackElo "945"]
[WhiteTeam "SV Gryps"]
[BlackTeam "SG Porz"]
[EventCountry "GER"]
[EventRounds "7"]
[EventType "team-swiss"]
[EventDate "2011.12.26"]

1. d4 d5 2. Bf4 Bf5 3. e3 Nf6 4. Bb5+ c6 5. Ba4 e6 6. Nf3 b5 7. Bb3 a5 8. Nc3
a4 9. Nh4 axb3 10. cxb3 Bg6 11. O-O Be7 12. Re1 Ne4 13. a4 Bxh4 14. g3 Nxc3 15.
Qc1 Be7 16. Ra3 Bxa3 17. bxa3 Ne4 18. Rd1 Bh5 19. Re1 O-O 20. Qb1 bxa4 21. bxa4
Rxa4 22. Rc1 Ra6 23. Qb3 Rb6 24. Qc2 Qd7 25. Rb1 Rxb1+ 26. Qxb1 Qc8 27. Bxb8
Qxb8 28. Qxb8 Rxb8 29. a4 Bf3 30. a5 Rb1# 0-1